| 000 | 00768nam a2200217Ia 4500 | ||
|---|---|---|---|
| 001 | 23195 | ||
| 003 | GE_BSU | ||
| 008 | 181216s||||||||xx |||||||||||||| ||und|| | ||
| 040 | _cGE_BSU | ||
| 080 | _a821.111-22 | ||
| 100 | _aშოუ, ბ. | ||
| 245 | _aპიგმალიონი : კომედია 5 მოქმედებად | ||
| 245 | _cთარგმ. ინგლ. მოსე ქარჩავასი და იაკობ ტრიპოლსკისა | ||
| 260 | _aთბილისი | ||
| 260 | _bხელოვნება | ||
| 260 | _c1956 | ||
| 300 | _a100გვ. ; 20სმ | ||
| 541 | _h4ლ.40თ. | ||
| 653 | _aპიგმალიონი : კომედია 5 მოქმედებად | ||
| 942 | _cBK | ||
| 999 |
_c56094 _d56094 |
||